[Event "Stuttgart-chB int"]
[Site "Ditzingen"]
[Date "2006.05.26"]
[Round "4"]
[White "Abied, Mobin"]
[Black "Wendschlag, Dominik"]
[Result "0-1"]
[WhiteElo "1416"]
[BlackElo "1161"]
[PlyCount "92"]
[EventDate "2006.05.25"]
[EventType "swiss"]
[EventRounds "7"]
[EventCountry "GER"]
[SourceTitle "EXT 2018"]
[Source "ChessBase"]
[SourceDate "2017.10.13"]
[SourceVersion "1"]
[SourceVersionDate "2017.10.13"]
[SourceQuality "1"]

1. d4 e6 2. e4 d5 3. Nc3 Bb4 4. e5 c5 5. dxc5 Bxc5 6. Qg4 Bf8 7. Nf3 Ne7 8. Bd3 Nf5 9. Nb5 g6 10. Bg5 Be7 11. Bxf5 exf5 12. Nd6+ Qxd6 13. Qa4+ Qd7 14. Qh4 Bxg5 15. Qxg5 0-0 16. h4 Nc6 17. 0-0-0 Qe7 18. Qh6 f6 19. exf6 Rxf6 20. Rde1 Re6 21. Rxe6 Bxe6 22. Re1 Re8 23. Ng5 Nd8 24. h5 Qg7 25. Qxg7+ Kxg7 26. hxg6 hxg6 27. Kd2 Re7 28. Kd3 Kf8 29. f4 Nf7 30. Nxf7 Bxf7 31. Rxe7 Kxe7 32. Kd4 Kd6 33. b4 Be8 34. a3 Ba4 35. c3 Bb5 36. g3 Bc4 37. Ke3 Kc6 38. Kd2 Kb5 39. Kc2 Ka4 40. Kb2 Bb3 41. Kc1 Kxa3 42. Kb1 Ba2+ 43. Kc2 Bb1+ 44. Kd1 Kb2 45. Kd2 b6 46. b5 Bc2 0-1

[Event "Stuttgart-chB int"]
[Site "Ditzingen"]
[Date "2006.05.25"]
[Round "2"]
[White "Wendschlag, Dominik"]
[Black "Chitzios, Grigorios"]
[Result "0-1"]
[WhiteElo "1161"]
[BlackElo "1460"]
[PlyCount "80"]
[EventDate "2006.05.25"]
[EventType "swiss"]
[EventRounds "7"]
[EventCountry "GER"]
[SourceTitle "EXT 2018"]
[Source "ChessBase"]
[SourceDate "2017.10.13"]
[SourceVersion "1"]
[SourceVersionDate "2017.10.13"]
[SourceQuality "1"]

1. e4 e5 2. d4 exd4 3. Bc4 Bc5 4. Qf3 Qf6 5. Qg3 Bd6 6. f4 Qg6 7. Qxg6 hxg6 8. Nf3 Bb4+ 9. c3 dxc3 10. bxc3 Bc5 11. Ne5 Nh6 12. Nd3 Bb6 13. Ba3 d6 14. h3 Ng4 15. Bc1 Be3 16. Rf1 Bxc1 17. hxg4 Be3 18. f5 gxf5 19. gxf5 Rh2 20. e5 Rxg2 21. e6 f6 22. Nf4 Bxf4 23. Rxf4 Rg1+ 24. Kf2 Rg5 25. Nd2 Nc6 26. Nf3 Rh5 27. Bd5 Ne7 28. Be4 d5 29. Bd3 c5 30. Bb5+ Kf8 31. Rg1 a6 32. Ba4 Nxf5 33. Bc2 Bxe6 34. Rfg4 g5 35. Re1 Bd7 36. c4 Nd4 37. Nxd4 Bxg4 38. Bf5 Bxf5 39. Nxf5 d4 40. Re7 g4 0-1